Unknown Periodic Table Elements A-Z - Statistics

General Stats
  • This quiz has been taken 35 times
  • The average score is 12 of 20
Answer Stats
Element % Correct
A
83%
B
76%
C
76%
E
76%
F
69%
Y
69%
G
66%
I
62%
R
62%
T
62%
Z
62%
D
59%
V
59%
H
55%
O
55%
L
52%
M
52%
N
52%
P
52%
S
52%
No matching quizzes found
Score Distribution
Percent of People with Each Score
Percentile by Number Answered
Your Score History
You have not taken this quiz